[Event "Polva op 29th"]
[Site "Polva"]
[Date "2008.08.15"]
[Round "2"]
[White "Popman, Genadi"]
[Black "Ojar, Richard"]
[Result "1-0"]
[WhiteElo "1835"]
[BlackElo "1205"]
[PlyCount "71"]
[EventDate "2008.08.15"]
[EventType "swiss"]
[EventRounds "7"]
[EventCountry "EST"]
[SourceTitle "EXT 2009"]
[Source "ChessBase"]
[SourceDate "2008.11.26"]
[SourceVersion "1"]
[SourceVersionDate "2008.11.26"]
[SourceQuality "1"]

1. Nf3 Nc6 2. d4 d5 3. c4 Nf6 4. e3 Bg4 5. Be2 e6 6. a3 b6 7. b4 a6 8. Nbd2 Bd6 9. c5 bxc5 10. bxc5 Be7 11. Qa4 Qd7 12. Bxa6 Bxf3 13. gxf3 0-0 14. Qb5 Rfb8 15. Bb7 Rxb7 16. Qxb7 Rb8 17. Qa6 h6 18. Rb1 Qe8 19. Qd3 e5 20. Rxb8 Qxb8 21. Qb3 Qc8 22. Bb2 Qd8 23. dxe5 Nd7 24. Qxd5 Na7 25. c6 Nc5 26. Qxd8+ Bxd8 27. 0-0 Be7 28. Bd4 Nb5 29. Bxc5 Bxc5 30. a4 Nc3 31. a5 Nd5 32. Nc4 Ne7 33. Rd1 Ng6 34. Rd8+ Kh7 35. Rd7 Nh4 36. Rxf7 1-0